| 000 | 01897nam a2200265 i 4500 | ||
|---|---|---|---|
| 001 | 156880 | ||
| 003 | ES-MaACL | ||
| 005 | 20240524202652.0 | ||
| 008 | 940202m18501867sp |||| | spa d | ||
| 040 |
_aAS _bspa |
||
| 100 | 1 |
_aLafuente, Modesto, _d1806-1866 _969535 |
|
| 245 | 1 | 0 |
_aHistoria general de España _b: desde los tiempos más remotos hasta nuestros dias / _cpor Modesto Lafuente. |
| 260 |
_aMadrid : _b[s.n.], _c1850-1867 ( _fEstablecimiento Tipográfico de Mellado) |
||
| 300 |
_a30 v. ; _c23 cm. |
||
| 505 | 8 | _aV.30 Bibliografía del autor e indice alfabético | |
| 505 | 8 | _aContiene : Parte tercera. Edad Moderna. Dominación de la Casa de Austria : Vol. XIII. Reinado de Felipe II, (567 p.) -- Parte tercera. Edad Moderna. Dominación de la Casa de Borbon : Vol. XVIII. Reinado de Felipe V, (539, [5] p.) -- Vol. XXI. Reinado de Carlos III, (532, [4] p.) -- Vol. XXII. Reinado de Carlos IV, (584 p.) -- Vol. XXX : El Señor Don Modesto Lafuente su vida y sus escritos. Índice alfabético, ([10], CLIX, [3], 337 p., [1] h. de retrato) | |
| 596 | _aNombre de imp de los t. 27 a 30: Imprenta del Banco Industrial y Mercantil á cargo de D. Chaulié. | ||
| 597 | _aCada v. con port. y pag. propia. | ||
| 597 | _aVol.I. (489 p.) -- vol.II. (543 p.) -- vol.III. (525 p.) -- vol.IV. (570 p.) -- vol.VI. (550 p.) -- vol.VII. (528 p.) -- vol.VIII. (552 p.) -- vol.IX. (574 p.) -- vol.X. (522 p.) -- vol.XI. (522 p.) -- vol.XII. (541 p.) -- vol.XIII. (567 p.) -- vol.XIV (508 p.) -- vol.XV (542 p.) -- vol.XVI. (555 p.) -- vol.XIX. (553 p.) -- vol.XX. (521 p.) -- vol.XXVI (511 p.) -- vol.XXVII. (520 p.) -- vol.XXVIII (526 p.) -- vol.XXIX (518 p.) | ||
| 597 | _aAnteps. | ||
| 599 | _aRetrato del autor en v.30: "R.Mosquera dib.º y lit.º" | ||
| 651 | 4 |
_aEspaña- _xHistoria. _98209 |
|
| 852 |
_aES-MaACL _jC-183-212 _z-- Enc. hol. |
||
| 999 |
_c156880 _d156880 |
||